| 000 | 01020nmm a2200325 a 4500 | ||
|---|---|---|---|
| 001 | ocm000940645 | ||
| 003 | TR-IsHL | ||
| 005 | 20201028150047.0 | ||
| 008 | 150110s2014 tu tur | ||
| 007 | cr cn | ||
| 020 | _a9786055101978 | ||
| 035 |
_a940645 _b(N$T) |
||
| 050 | 0 | 4 |
_aDR451 _b.S49 2014 |
| 090 | 0 | 4 |
_aDR451 _b.S49 2014 |
| 100 | 1 | _aSeyfi, Ali Rıza | |
| 245 | 1 | 0 |
_aOruç Reis _h[electronic resource] / _cAli Rıza Seyfi ; haz. Selman Soydemir ; editör Soner Demirsoy, Faruk Çınar |
| 260 |
_aİstanbul : _bÇamlıca Basım Yayın, _c2014 |
||
| 300 | _a73 p. | ||
| 650 | 4 | _aTarih | |
| 650 | 4 | _aHistory | |
| 650 | 0 | _aTürk denizcileri | |
| 650 | 0 | _aTurkish sailors | |
| 650 | 0 | _aKemal Reis | |
| 650 | 0 | _aBaba Oruç | |
| 650 | 7 |
_aHISTORY / Middle East / Turkey & Ottoman Empire _2bisacsh |
|
| 700 | 1 | _aSoydemir, Selman | |
| 700 | 1 | _aDemirsoy, Soner | |
| 700 | 1 | _aÇınar, Faruk | |
| 856 | 4 | 0 | _uhttp://search.ebscohost.com/login.aspx?direct=true&scope=site&db=e011xww&AN=940645 |
| 999 |
_c10273 _d10273 |
||